[Event "ARG-ch Seniors 65"]
[Site "Buenos Aires"]
[Date "2021.12.11"]
[Round "7"]
[White "Campana, Ricardo"]
[Black "Meineri, Carlos"]
[Result "1-0"]
[WhiteElo "1680"]
[BlackElo "1361"]
[PlyCount "69"]
[EventDate "2021.12.08"]
[EventType "swiss"]
[EventRounds "7"]
[EventCountry "ARG"]
[SourceTitle "CBM 205 Extra"]
[Source "ChessBase"]
[SourceDate "2022.01.31"]
[SourceVersion "1"]
[SourceVersionDate "2022.01.31"]
[SourceQuality "1"]

1. d4 d5 2. Nf3 Nf6 3. c4 c6 4. Nc3 Bf5 5. Bf4 e6 6. e3 Bd6 7. Bxd6 Qxd6 8. h3 h6 9. Bd3 dxc4 10. Bxc4 0-0 11. Bd3 Bxd3 12. Qxd3 Na6 13. Qe2 Rfd8 14. 0-0 Nc7 15. Rfd1 Qe7 16. Rac1 Ncd5 17. e4 Nf4 18. Qe3 Ng6 19. a3 Rd7 20. b4 Rad8 21. Na4 e5 22. Nc5 Rd6 23. Nb3 exd4 24. Rxd4 Rxd4 25. Nbxd4 Qxe4 26. Qc3 Nd5 27. Qc5 Ne5 28. Qxa7 Nxf3+ 29. Nxf3 Nf4 30. Kh2 Rd7 31. Re1 Qd5 32. Qa8+ Kh7 33. Qb8 f6 34. Qxf4 Qb3 35. Qf5+ 1-0

[Event "ARG-ch Seniors 65"]
[Site "Buenos Aires"]
[Date "2021.12.11"]
[Round "6"]
[White "Huberman, Alejandro"]
[Black "Campana, Ricardo"]
[Result "0-1"]
[WhiteElo "1606"]
[BlackElo "1680"]
[PlyCount "64"]
[EventDate "2021.12.08"]
[EventType "swiss"]
[EventRounds "7"]
[EventCountry "ARG"]
[SourceTitle "CBM 205 Extra"]
[Source "ChessBase"]
[SourceDate "2022.01.31"]
[SourceVersion "1"]
[SourceVersionDate "2022.01.31"]
[SourceQuality "1"]

1. Nf3 Nc6 2. g3 e5 3. d3 Bc5 4. Bg2 d6 5. c4 Nf6 6. Nc3 0-0 7. 0-0 a6 8. a3 Be6 9. h3 h6 10. e4 Nd7 11. Nh4 Nd4 12. Be3 f5 13. exf5 Nxf5 14. Nxf5 Bxf5 15. Kh2 Bxe3 16. fxe3 Qg5 17. Qe2 Nc5 18. e4 Be6 19. Rae1 Nb3 20. Qe3 Qxe3 21. Rxe3 Rxf1 22. Bxf1 Rf8 23. Bg2 Nd4 24. Ne2 Rf2 25. Nxd4 exd4 26. Re1 Rxb2 27. e5 dxe5 28. Rxe5 Bd7 29. Kg1 Kf7 30. h4 Rb3 31. Rd5 Bc6 32. Rxd4 Rb1+ 0-1

[Event "ARG-ch Seniors 65"]
[Site "Buenos Aires"]
[Date "2021.12.10"]
[Round "5"]
[White "Campana, Ricardo"]
[Black "Navarro, Alberto"]
[Result "0-1"]
[WhiteElo "1680"]
[BlackElo "1687"]
[PlyCount "84"]
[EventDate "2021.12.08"]
[EventType "swiss"]
[EventRounds "7"]
[EventCountry "ARG"]
[SourceTitle "CBM 205 Extra"]
[Source "ChessBase"]
[SourceDate "2022.01.31"]
[SourceVersion "1"]
[SourceVersionDate "2022.01.31"]
[SourceQuality "1"]

1. d4 e6 2. c4 d5 3. Nc3 Nf6 4. Nf3 Be7 5. Bf4 a6 6. e3 0-0 7. Bd3 Nc6 8. 0-0 Nh5 9. Be5 Nxe5 10. Nxe5 Nf6 11. Rc1 c6 12. Ne2 Nd7 13. Nf3 g6 14. Ng3 Bf6 15. e4 dxe4 16. Nxe4 Bg7 17. b3 Nf6 18. Re1 Nxe4 19. Bxe4 Bd7 20. d5 Qc8 21. d6 c5 22. Qd3 f5 23. Bd5 exd5 24. Qxd5+ Kh8 25. Ng5 h6 26. Nf7+ Kh7 27. Re7 Bc6 28. Qd3 Rxf7 29. Rxf7 Qg8 30. Re7 Rd8 31. Rce1 Kh8 32. Qg3 Bf6 33. R7e6 Qg7 34. h4 g5 35. h5 Bd7 36. R6e2 f4 37. Qd3 Qf7 38. Qe4 Bc6 39. Qf5 Bd7 40. Qxc5 Qxh5 41. g3 Qg6 42. b4 b5 0-1

[Event "ARG-ch Seniors 65"]
[Site "Buenos Aires"]
[Date "2021.12.10"]
[Round "4"]
[White "Zito, Alberto"]
[Black "Campana, Ricardo"]
[Result "1/2-1/2"]
[WhiteElo "1563"]
[BlackElo "1680"]
[PlyCount "58"]
[EventDate "2021.12.08"]
[EventType "swiss"]
[EventRounds "7"]
[EventCountry "ARG"]
[SourceTitle "CBM 205 Extra"]
[Source "ChessBase"]
[SourceDate "2022.01.31"]
[SourceVersion "1"]
[SourceVersionDate "2022.01.31"]
[SourceQuality "1"]

1. e4 e5 2. Nf3 Nc6 3. Bb5 a6 4. Bxc6 dxc6 5. 0-0 f6 6. d3 Bc5 7. Be3 Bb6 8. Bxb6 cxb6 9. Nfd2 Ne7 10. Nc3 Be6 11. Ne2 0-0 12. f4 exf4 13. Nxf4 Bf7 14. Nf3 Ng6 15. Nxg6 Bxg6 16. Qd2 Re8 17. Qf2 c5 18. Rad1 Qd6 19. Nh4 Rad8 20. Nxg6 hxg6 21. Rfe1 Re5 22. c3 Rde8 23. Qg3 Kf7 24. d4 R5e6 25. Qxd6 Rxd6 26. d5 b5 27. Kf2 Re5 28. Kf3 Ke7 29. Rd3 Kf7 1/2-1/2

[Event "Neuquen Patagonia op 3rd"]
[Site "Neuquen"]
[Date "2017.11.20"]
[Round "4"]
[White "Alonso, Salvador"]
[Black "Campana, Ricardo"]
[Result "1-0"]
[WhiteElo "2510"]
[BlackElo "1713"]
[PlyCount "49"]
[EventDate "2017.11.18"]
[EventType "swiss"]
[EventRounds "9"]
[EventCountry "ARG"]
[SourceTitle "CBM 181 Extra"]
[Source "ChessBase"]
[SourceDate "2017.12.12"]
[SourceVersion "1"]
[SourceVersionDate "2017.12.12"]
[SourceQuality "1"]

1. e4 e5 2. Nf3 Nc6 3. Bb5 d6 4. d4 exd4 5. Nxd4 Bd7 6. Nc3 Nf6 7. 0-0 Nxd4 8. Bxd7+ Qxd7 9. Qxd4 Be7 10. b3 0-0 11. Bb2 Rfe8 12. Rfe1 a6 13. Rad1 Qg4 14. Re3 Nh5 15. Nd5 Bd8 16. h3 Qg6 17. e5 Rxe5 18. Rxe5 dxe5 19. Qxe5 Nf6 20. Ne7+ Bxe7 21. Qxe7 h6 22. Qxc7 Qe4 23. Bxf6 gxf6 24. Rd3 Rf8 25. Qd6 1-0